书目信息 |
| 题名: |
高级英语写作简编
|
|
| 作者: | 刘庆松 , 崔洁 编著 | |
| 分册: | ||
| 出版信息: | 西安 西北工业大学出版社 2006.06 |
|
| 页数: | 237页 | |
| 开本: | 26cm | |
| 丛书名: | ||
| 单 册: | ||
| 中图分类: | H315 | |
| 科图分类: | ||
| 主题词: | 英语--ying yu--写作--教材 | |
| 电子资源: | ||
| ISBN: | 7-5612-2068-5 | |
| 000 | 00970nam0 2200253 450 | |
| 001 | 012006661442 | |
| 005 | 20071015092109.75 | |
| 010 | @a7-5612-2068-5@dCNY23.80 | |
| 100 | @a20061213d2006 km y0chiy0120 ea | |
| 101 | 0 | @achi@aeng |
| 102 | @aCN@b610000 | |
| 105 | @ay z 000yy | |
| 200 | 1 | @a高级英语写作简编@Agao ji ying yu xie zuo jian bian@d= A concise textbook of advanced English writing@f刘庆松, 崔洁编著@Fliu qing song,cui jie bian zhu@zeng |
| 210 | @a西安@c西北工业大学出版社@d2006.06 | |
| 215 | @a237页@d26cm | |
| 300 | @a英语专业教材 | |
| 330 | @a本书吸取了国外英语写作新的特色和成果,结合我国的写作理论,注重写作的技巧的掌握和创新写作能力的培养,共包括17章内容。书中配有大量新颖的实例和典型范文。 | |
| 510 | 1 | @aConcise textbook of advanced English writing@zeng |
| 606 | 0 | @a英语@Aying yu@x写作@j教材 |
| 690 | @aH315@v4 | |
| 701 | 0 | @a刘庆松@Aliu qing song@4编著 |
| 701 | 0 | @a崔洁@Acui jie@4编著 |
| 801 | 0 | @aCN@c20071015 |
| 905 | @dH315@eL666 | |
| 高级英语写作简编= A concise textbook of advanced English writing/刘庆松, 崔洁编著.-西安:西北工业大学出版社,2006.06 |
| 237页;26cm |
| 英语专业教材 |
| ISBN 7-5612-2068-5:CNY23.80 |
| 本书吸取了国外英语写作新的特色和成果,结合我国的写作理论,注重写作的技巧的掌握和创新写作能力的培养,共包括17章内容。书中配有大量新颖的实例和典型范文。 |
| ● |
| 相关链接 |
|
|
|
正题名:高级英语写作简编
索取号:H315/L666
 
预约/预借
| 序号 | 登录号 | 条形码 | 馆藏地/架位号 | 状态 | 备注 |
| 1 | 230521 | 202305219 | 语言库209/209语言库 37排3列3层/ [索取号:H315/L666] | 在馆 | |
| 2 | 230522 | 202305228 | 语言库209/209语言库 37排3列3层/ [索取号:H315/L666] | 在馆 | |
| 3 | 230523 | 202305237 | 语言库209/209语言库 37排3列3层/ [索取号:H315/L666] | 在馆 | |
| 4 | 652201 | 206522011 | 语言库209/209语言库 37排3列2层/ [索取号:H315/L666] | 在馆 | |
| 5 | 652202 | 206522020 | 语言库209/209语言库 37排3列2层/ [索取号:H315/L666] | 在馆 | |
| 6 | 652203 | 206522039 | 语言库209/209语言库 37排3列2层/ [索取号:H315/L666] | 在馆 |